[Event "It (open)"]
[Site "masterchessopen.com Essen (Germany)"]
[Round "5"]
[White "Konietzka Lutz (GER)"]
[Black "Kummerow Heiko (GER)"]
[Result "0-1"]
[WhiteElo "2083"]
[BlackElo "2303"]

{ Konietzka Lutz (GER) +0 =2 -1 Kummerow Heiko (GER) +0 =0 -1 } 1.Nf3 { 1 }
1...Nf6 2.g3 g6 3.Bg2 Bg7 4.c4 O-O 5.Nc3 d6 6.O-O e5 7.d4 Nbd7 8.e4 c6 9.b3 {
?/= } 9...h6 ( 9...exd4 10.Nxd4 Re8 11.h3 Nc5 12.Re1 a5 ( 12...Bd7 13.Bf4 Qb6
14.Be3 Rad8 15.Qc2 Bc8 16.a3 Qc7 17.Rad1 Qe7 18.b4 Ncd7 19.Qa2 a6 20.a4 a5
21.b5 c5 22.Nde2 Nb6 23.Nf4 Be6 24.Nxe6 Qxe6 25.Nd5 Nfxd5 26.exd5 Qf6 {
1/2-1/2, Salov Valery 2655 - Kasparov Garry 2790 , Reggio Emilia 1992 It
(cat.18) } ) 13.Rb1 Qb6 14.Be3 Qc7 15.Qc2 Bd7 16.Rbd1 Rad8 17.a3 Bc8 18.b4
axb4 19.axb4 Ne6 20.Na4 Nd7 21.Nxe6 Rxe6 22.Re2 Rde8 23.Red2 Qb8 24.c5 Bf8
25.Bf4 Ne5 26.Nb6 dxc5 27.bxc5 Qc7 28.Nc4 Bg7 29.Nd6 { ...1-0, Schlemmermeyer
Wilhelm 2310 - Kummerow Heiko 2300 , Germany 1997 Bundesliga 1996/97 } ) (
9...Re8 10.h3 a6 11.Be3 exd4 12.Nxd4 Nc5 13.Qc2 Qe7 14.Rfe1 Bd7 15.f3 Nh5
16.g4 Nf4 17.Bxf4 Bxd4+ 18.Kh1 Ne6 19.Bh2 Qf6 20.Rac1 Be5 21.Ne2 Bxh2 22.Kxh2
Qe5+ 23.Kh1 h5 24.Rcd1 hxg4 25.hxg4 Rad8 26.Qd2 Bc8 27.Qh6 g5 28.Kg1 b5
29.cxb5 { ...0-1, Nikolic Predrag 2655 - Kasparov Garry 2805 , New York 1994
It "Intel Chess Grand Prix" (active) } ) ( 9...Qb6 10.Rb1 exd4 11.Nxd4 Nxe4
12.Nxe4 Bxd4 13.Bb2 Bxb2 14.Rxb2 d5 15.cxd5 cxd5 16.Qxd5 Nf6 17.Nxf6+ Qxf6
18.Rd2 a5 19.Re1 a4 20.Qd4 Qxd4 21.Rxd4 axb3 22.axb3 Be6 23.Bxb7 Rab8 24.Bd5 {
1/2-1/2, Nikolic Predrag 2625 - Kasparov Garry 2790 , Debrecen 1992 Ch Europe
(team) } ) ( 9...a6 10.h3 Re8 11.Be3 b5 12.dxe5 dxe5 13.Nd2 Bb7 14.Qe2 Bf8
15.a3 b4 16.axb4 Bxb4 17.Na4 a5 18.Rfd1 Qe7 19.Rac1 Nc5 20.Nxc5 Bxc5 21.Nb1
Bxe3 22.Qxe3 Nd7 23.Nc3 Nc5 24.Rb1 Red8 25.Rxd8+ Rxd8 26.Bf1 Bc8 27.Na4 Ne6
28.Nb6 Nd4 29.Nxc8 { ...0-1, Tregubov Pavel V 2609 - Loginov Valery A 2530 ,
Moscow 1999 Ch Russia } ) ( 9...a5 10.h3 a4 11.dxe5 dxe5 12.b4 Qe7 13.Rb1 b5
14.cxb5 cxb5 15.Re1 Bb7 16.Bg5 h6 17.Nd5 Bxd5 18.Bxf6 Nxf6 19.exd5 e4 20.Nd4
Qd7 21.Qe2 Nxd5 { 1/2-1/2, Stohl Igor 2560 - Schandorff Lars 2425 , Manila
1992 Olympiad } ) 10.h3 { N } ( 10.Be3 Nh7 11.d5 cxd5 12.Qxd5 Nb6 13.Qb5 Re8
14.Rfd1 Nd7 15.Qb4 Bf8 16.Rac1 d5 17.c5 d4 18.Nxd4 exd4 19.Qxd4 Bg7 20.Qb4 Qe7
21.a3 Bxc3 { 1/2-1/2, Hudecek Jan 2260 - Karlik Vladimir 2305 , Czech Republic
1998 Moravian League 1998/99 (1st) } ) ( 10.Re1 Nh7 11.Be3 { 1/2-1/2, Sergejev
Roman 2390 - Sepp Olav 2420 , Tallinn 1997 Ch Estonia } ) ( 10.Qc2 Nh7 11.dxe5
dxe5 12.Rd1 Re8 13.Be3 Qe7 14.Na4 Ng5 15.Nxg5 hxg5 16.Qd2 g4 17.h3 Qe6 18.Kh2
gxh3 19.Bxh3 f5 20.f3 Qf7 21.Bg5 Nf8 22.exf5 gxf5 23.Nc3 Qh5 24.f4 exf4
25.Bxf4 Qf3 26.Rf1 Qxc3 27.Bg2 Qb2 28.Qxb2 Bxb2 29.Rad1 Be6 { ...0-1, Kurajica
Bojan 2490 - Sepp Olav 2420 , Yerevan 1996 Olympiad } ) 10...Re8 { N } (
10...Qa5 11.Bb2 a6 12.a3 b5 13.b4 Qd8 14.dxe5 dxe5 15.c5 Qe7 16.Qc2 Nh7
17.Rad1 Ng5 18.Nxg5 Qxg5 19.Rd6 Nb8 20.Ne2 Ra7 21.f4 exf4 22.gxf4 Qh4 23.Bxg7
Kxg7 24.f5 gxf5 25.exf5 f6 26.Rf4 Qe1+ 27.Rf1 Qh4 28.Qd2 Kh7 29.Rf4 Qg5 30.Qd4
{ ...1-0, Modr Bretislav 2315 - Peussner Jochen, Dortmund 1990 It (open) } )
11.Be3 ( 11.Rb1 a6 12.Re1 b5 13.d5 cxd5 14.cxd5 Bb7 15.b4 Rc8 16.Qb3 Nb6 17.a4
Qc7 18.Bd2 bxa4 19.Nxa4 Nxe4 20.Nxb6 Nxd2 21.Nxd2 Qxb6 22.Nc4 Qc7 23.Na5 f5
24.Bf1 Kh7 25.Rec1 Qf7 26.Nxb7 Qxb7 27.Rc6 Rxc6 28.dxc6 Qb6 29.Qc4 Rc8 30.Rc1
Rc7 { ...1/2-1/2, Smejkal Jan 2565 - Lechtynsky Jiri 2450 , Trencianske
Teplice 1985 Ch Czechoslovakia } ) 11...exd4 { N } ( 11...b5 12.dxe5 dxe5
13.cxb5 cxb5 14.Ne1 Bb7 15.Nd3 Qe7 16.b4 Rac8 17.Nc5 Nxc5 18.Bxc5 Qe6 19.Rc1
Nd7 20.Be3 Nb6 21.Bxb6 Qxb6 22.Nd5 Qd6 23.Qb3 Rxc1 24.Rxc1 Rc8 25.Rxc8+ Bxc8
26.Qe3 { 1/2-1/2, Khasin Abram 2400 - Shpilker Boris 2345 , Norilsk 1987 Ch
URS (qual) } ) ( 11...Kh7 12.Re1 a6 13.Qc2 Qe7 14.Rad1 Nf8 15.dxe5 dxe5 16.c5
N6d7 17.Na4 Ne6 18.Rd2 Rg8 19.Red1 Rb8 20.Rd6 Nc7 21.Qd3 Nf6 22.Nb6 Nb5 23.Rd8
Nd4 24.Rxg8 Nxf3+ 25.Bxf3 Nxg8 26.Bg4 Bxg4 27.hxg4 Nf6 28.f3 Qe6 29.Kg2 Kg8
30.Qc3 Bf8 31.Rd3 { ...1-0, Panzalovic Srdjan 2390 - Vatter Hans-Joachim 2307
, Baden 1994 Ch Baden } ) 12.Nxd4 Nc5 { } 13.Qc2 Qb6 14.Rab1 a5 15.a3 Qc7
16.b4 axb4 17.axb4 Ne6 18.Nde2 Ng5 19.g4 Qe7 20.Ng3 Ra3 21.Rb3 Rxb3 22.Qxb3
Ngh7 23.c5 { ?! } ( 23.Ra1 { !? } 23...Nf8 24.Ra7 N6d7 25.f4 { } ) 23...Nf8
24.Qc2 Ne6 25.cxd6 Qxd6 26.b5 Nd7 27.bxc6 bxc6 28.Rd1 Qc7 29.Qd2 Kh7 30.Nge2
Ne5 31.Qa2 Ng5 { ? } ( { ? } 31...g5 32.Rb1 Qd6 33.Rd1 Qf8 { } ) 32.Nd4 { ? }
( { ? } 32.f4 Be6 33.Qa7 Qxa7 34.Bxa7 { } ) 32...Rd8 33.Nde2 { ? } ( { ? }
33.Qa4 c5 34.Bxg5 hxg5 35.Ndb5 { } ) 33...Rxd1+ { ! } ( 33...Ngf3+ { ? }
34.Kf1 Nh2+ 35.Kg1 Nef3+ { } ) 34.Nxd1 Nef3+ 35.Bxf3 Nxf3+ 36.Kg2 Qh2+ 37.Kxf3
Qxh3+ 38.Ng3 Bxg4+ 39.Kf4 g5# { } 0-1

[Event "Ch Serbia & Montenegro (team)"]
[Site "masterchessopen.com Golubac (Yugoslavia)"]
[Round "0"]
[White "Stamenkovic Zoran (SRB)"]
[Black "Milosevic Aleksandar (SRB)"]
[Result "1-0"]
[WhiteElo "2420"]
[BlackElo "2264"]

1.d4 Nf6 2.c4 g6 3.g3 Bg7 4.Bg2 O-O 5.Nc3 d6 6.Nf3 Nbd7 7.O-O e5 8.e4 c6 9.b3
Re8 10.h3 a6 11.d5 cxd5 12.cxd5 b5 13.Re1 Nb6 14.a3 Bd7 15.Qd3 Rf8 16.Bg5 Qb8
17.Bf1 Nc8 18.Na2 a5 19.Nc3 Na7 20.b4 a4 21.Be3 Nh5 22.Qd2 f5 23.exf5 gxf5
24.Bh6 f4 25.Bxg7 Nxg7 26.g4 h5 27.gxh5 Qe8 28.Ne4 Qxh5 29.Nfg5 Rf5 30.Kh2
Raf8 31.Be2 f3 32.Bd3 Kh8 33.Rg1 Nc8 34.Rac1 Rf4 35.Rc7 Nb6 36.Qe3 Nxd5 37.Qa7
Nxc7 38.Qxc7 Bxh3 39.Nxh3 {#r} 1-0

[Event "It (open)"]
[Site "masterchessopen.com Guben (Germany)"]
[Round "3"]
[White "Kuersten Ruediger (GER)"]
[Black "Brustman Agnieszka (POL)"]
[Result "0-1"]
[WhiteElo "2060"]
[BlackElo "2334"]

1.Nf3 Nf6 2.g3 g6 3.Bg2 Bg7 4.d4 O-O 5.O-O d6 6.c4 Nbd7 7.Nc3 e5 8.e4 c6 9.Rb1
Re8 10.b4 Qe7 11.d5 c5 12.Nd2 cxb4 13.Rxb4 Nc5 14.Rb1 Nfd7 15.Nb5 Rf8 16.Nb3
a6 17.Nc3 f5 18.Nxc5 Nxc5 19.Be3 Qc7 20.Bxc5 Qxc5 21.Qd3 Rb8 22.Na4 Qc7 23.Nb6
fxe4 24.Bxe4 Bf5 25.Bxf5 Rxf5 26.c5 Rbf8 27.cxd6 Qxd6 28.Qe4 Bh6 29.Qb4 Qxb4
30.Rxb4 Rxf2 31.Rxf2 Be3 32.Nc4 Bxf2+ 33.Kg2 h5 34.Nxe5 Bc5 35.Rb2 Bd4 36.Re2
Re8 37.d6 Rxe5 38.Rd2 Rd5 39.Kf3 Rxd6 40.Ke4 Bc5 {#R} 0-1

[Event "Ch Asia (team) (w)"]
[Site "masterchessopen.com Jodhpur (India)"]
[Round "6"]
[White "Harika Dronavalli (IND)"]
[Black "Salman Mahini Mona (IRI)"]
[Result "1-0"]
[WhiteElo "2391"]
[BlackElo "2166"]

1.Nf3 Nf6 2.c4 d6 3.d4 g6 4.g3 Bg7 5.Bg2 O-O 6.O-O Nbd7 7.Nc3 e5 8.e4 exd4
9.Nxd4 a5 10.h3 Nc5 11.Re1 Re8 12.Ndb5 Be6 13.e5 dxe5 14.Qxd8 Raxd8 15.Nxc7
Re7 16.Nxe6 Rxe6 17.Be3 Nd3 18.Re2 e4 19.Rd1 Rde8 20.Nxe4 Nxb2 21.Rxb2 Nxe4
22.Rxb7 Nxg3 23.Rdd7 Nf5 24.Rxf7 Ne7 25.Rxg7+ Kxg7 26.Bd5 Rd6 27.Bg5 Rf6
28.Ra7 h6 29.Bxf6+ Kxf6 30.Rxa5 Nxd5 31.cxd5 Re1+ 32.Kg2 {#r} 1-0

[Event "It (open)"]
[Site "masterchessopen.com Le Touquet (France)"]
[Round "3"]
[White "Pinter Jozsef (HUN)"]
[Black "Marholev Dimitar (BUL)"]
[Result "1-0"]
[WhiteElo "2512"]
[BlackElo "2359"]

1.d4 Nf6 2.c4 g6 3.Nc3 Bg7 4.Nf3 O-O 5.g3 d6 6.Bg2 Nbd7 7.O-O e5 8.e4 exd4
9.Nxd4 Re8 10.Re1 a5 11.h3 Nc5 12.Ndb5 Bd7 13.Bf4 Qc8 14.Kh2 Bc6 15.Qc2 h6
16.Rad1 g5 17.Bc1 Re7 18.Nd4 Bd7 19.Re3 Qf8 20.b3 Rae8 21.a3 h5 22.Kg1 g4
23.h4 Bh6 24.Re2 Bxc1 25.Qxc1 Nfxe4 26.Bxe4 Nxe4 27.Nd5 Re5 28.Rxe4 Rxe4
29.Nf6+ Kh8 30.Nxd7 Qg7 31.Nf5 Qg6 32.Qa1+ {#r} 1-0

[Event "Ch Croatia (team) (1st league)"]
[Site "masterchessopen.com Rabac (Croatia)"]
[Round "7"]
[White "Pinter Jozsef (HUN)"]
[Black "Ljubicic Filip (CRO)"]
[Result "1-0"]
[WhiteElo "2512"]
[BlackElo "2395"]

1.d4 Nf6 2.c4 g6 3.Nc3 Bg7 4.Nf3 d6 5.g3 O-O 6.Bg2 Nbd7 7.O-O e5 8.e4 c6 9.Rb1
a5 10.Re1 Qe7 11.b3 Re8 12.h3 exd4 13.Nxd4 Nc5 14.Bf4 Nfd7 15.Re2 a4 16.Be3
axb3 17.axb3 Nf6 18.Bc1 Qc7 19.Bf4 Nh5 20.Be3 Ne6 21.Rd2 f5 22.Ndb5 cxb5
23.Nxb5 Qe7 24.exf5 Nc7 25.Nxd6 Nxg3 26.Nxe8 Nxe8 27.fxg6 hxg6 28.Bf4 Bf5
29.Bxg3 Bxb1 30.Rd7 Qf6 31.Bxb7 Ra1 32.Qd5+ Kh8 33.Kg2 Bf5 34.Rf7 Be4+ 35.Qxe4
Qxf7 36.Bd5 Qf6 37.Qxe8+ Kh7 38.h4 Ra7 39.Qg8+ Kh6 40.Qb8 {#r} 1-0

[Event "Ch Croatia (team) (1st league) (w)"]
[Site "masterchessopen.com Rabac (Croatia)"]
[Round "9"]
[White "Macek Vlasta (CRO)"]
[Black "Grobelsek Ana (SLO)"]
[Result "1-0"]
[WhiteElo "2230"]
[BlackElo "2074"]

1.d4 Nf6 2.c4 g6 3.g3 Bg7 4.Bg2 O-O 5.Nf3 d6 6.Nc3 Nbd7 7.O-O e5 8.e4 c6 9.b3
exd4 10.Nxd4 Ng4 11.h3 Qb6 12.Nde2 Ngf6 13.Qxd6 Re8 14.Be3 Qa5 15.Qd2 Nc5
16.Rad1 Bd7 17.f3 Rad8 18.Qc2 Nh5 19.g4 Nf6 20.Rd2 Bf8 21.Bd4 Re6 22.e5 Ne8
23.f4 Na6 24.Ne4 Nc5 25.N4g3 Ng7 26.Nc3 Ree8 27.f5 Qc7 28.Nge4 Rxe5 29.fxg6
hxg6 30.Nf6+ Kh8 31.Bxe5 Qxe5 32.Nce4 Nxe4 33.Qxe4 Qc7 34.Rfd1 Bc5+ 35.Kh1 Ne6
{#r} 1-0

[Event "Cup Rilton"]
[Site "masterchessopen.com Stockholm (Sweden)"]
[Round "9"]
[White "Ornstein Axel (SWE)"]
[Black "Johansson Victoria (SWE)"]
[Result "1-0"]
[WhiteElo "2426"]
[BlackElo "2189"]

1.d4 Nf6 2.Nf3 g6 3.g3 Bg7 4.Bg2 O-O 5.c4 d6 6.Nc3 Nbd7 7.O-O e5 8.e4 c6 9.Be3
Re8 10.h3 exd4 11.Nxd4 Nc5 12.Qc2 Qe7 13.Rfe1 Ncxe4 14.Nxe4 Nxe4 15.Bxe4 Qxe4
16.Bd2 Qxe1+ 17.Rxe1 Rxe1+ 18.Bxe1 Bxd4 19.Qe4 Be5 20.c5 Be6 21.cxd6 Bxb2
22.Qb4 Be5 23.Qxb7 Rc8 24.Qe7 Bxd6 25.Qxd6 Bxa2 26.Bd2 Bd5 27.Bh6 Re8 28.Kh2
{#r} 1-0

[Event "Cup Rilton"]
[Site "masterchessopen.com Stockholm (Sweden)"]
[Round "6"]
[White "Tetenkina Irina (SWE)"]
[Black "Aagaard Jacob (SCO)"]
[Result "1-0"]
[WhiteElo "2255"]
[BlackElo "2431"]

1.Nf3 d6 2.d4 Nf6 3.c4 g6 4.g3 Bg7 5.Bg2 O-O 6.O-O Nbd7 7.Nc3 e5 8.e4 c6 9.Qc2
a6 10.h3 b5 11.Rd1 exd4 12.Nxd4 Bb7 13.cxb5 cxb5 14.Bf4 Rc8 15.Bxd6 Re8 16.Qd3
Nb6 17.e5 Bxg2 18.Kxg2 Nc4 19.exf6 Nxb2 20.Qf3 Nxd1 21.Rxd1 Qxd6 22.fxg7 Qe5
23.Nc6 Qc5 24.Nd5 Qxc6 25.Nf6+ Kxg7 26.Qxc6 Rxc6 27.Nxe8+ Kf8 28.Nd6 Rc2 29.a4
bxa4 30.Ra1 Ke7 31.Ne4 Rc4 32.Kf3 f5 33.Nd2 Rc3+ 34.Ke2 a3 35.Ra2 {#r} 1-0

[Event "It (open)"]
[Site "masterchessopen.com Stratton Mountain (USA)"]
[Round "3"]
[White "Donaldson John W (USA)"]
[Black "Rogers Norman (USA)"]
[Result "1-0"]
[WhiteElo "2437"]
[BlackElo "2267"]

1.d4 Nf6 2.Nf3 g6 3.c4 Bg7 4.g3 O-O 5.Bg2 d6 6.Nc3 Nbd7 7.O-O e5 8.e4 c6 9.b3
Re8 10.h3 a5 11.Re1 exd4 12.Nxd4 Nc5 13.Bf4 a4 14.Rb1 axb3 15.axb3 Nh5 16.Be3
f5 17.exf5 Bxd4 18.fxg6 hxg6 19.Bxd4 Bf5 20.Rxe8+ Qxe8 21.Rb2 Nd3 22.Re2 Qd8
23.Ne4 Ne5 24.Kh2 Qf8 25.c5 Ng4+ 26.hxg4 Bxg4 27.f3 Bxf3 28.Bxf3 Qxf3 29.Nf6+
{#r} 1-0

[Event "Ch Sweden (team) 2003/04"]
[Site "masterchessopen.com Malme (Sweden)"]
[Date "2003.11.29"]
[Round "4"]
[White "Bjarnehag Peter (SWE)"]
[Black "Johansson Carl Fredrik (SWE)"]
[Result "1-0"]
[WhiteElo "2212"]
[BlackElo "2225"]

1.Nf3 Nf6 2.c4 g6 3.d4 Bg7 4.g3 O-O 5.Bg2 d6 6.Nc3 Nbd7 7.O-O e5 8.e4 c6 9.b3
exd4 10.Nxd4 Re8 11.h3 Nc5 12.Re1 a5 13.Rb1 Qb6 14.Be3 Qb4 15.Ndb5 cxb5
16.Nxb5 Nxb3 17.Rxb3 Qa4 18.Nc7 Be6 19.Nxa8 Rxa8 20.Rxb7 Bxc4 21.Qxa4 {#r} 1-0

[Event "It (juniors)"]
[Site "masterchessopen.com Hallsberg (Sweden)"]
[Round "2"]
[White "Tikkanen Hans (SWE)"]
[Black "Mista Aleksander (POL)"]
[Result "0-1"]
[WhiteElo "2338"]
[BlackElo "2487"]

1.d4 d6 2.c4 Nf6 3.Nc3 Nbd7 4.e4 e5 5.Nf3 g6 6.g3 Bg7 7.Bg2 O-O 8.O-O c6 9.Rb1
a5 10.a3 Re8 11.Re1 exd4 12.Nxd4 Nc5 13.b4 axb4 14.axb4 Ne6 15.Nc2 Ng4 16.Bb2
f5 17.Ne3 Nxe3 18.Rxe3 f4 19.Rd3 Qe7 20.Na4 Qc7 21.Bxg7 Kxg7 22.c5 dxc5
23.bxc5 Ra5 24.Rd6 Qe7 25.Bh3 Kh6 26.Nb6 Ng5 27.Bxc8 Qxe4 28.Bg4 Rb5 29.Rc1
Rb4 30.h4 fxg3 31.hxg5+ Kxg5 32.Qd2+ Kxg4 33.Qxb4 Qxb4 34.Rc4+ Kh3 {#R} 0-1

[Event "It (open)"]
[Site "masterchessopen.com Chennai (India)"]
[Date "2004.02.01"]
[Round "13"]
[White "Fominyh Alexander (RUS)"]
[Black "Koneru Humpy (IND)"]
[Result "0-1"]
[WhiteElo "2533"]
[BlackElo "2503"]

{ Fominyh Alexander (RUS) +1 =0 -0 Koneru Humpy (IND) +0 =1 -0 } 1.Nf3 Nf6
2.c4 g6 3.d4 Bg7 4.g3 O-O 5.Bg2 d6 6.O-O Nbd7 7.Nc3 e5 8.e4 c6 9.Be3 exd4
10.Nxd4 Re8 11.h3 Nc5 12.Qc2 Qe7 13.Rfe1 { ? } 13...a5 14.Nb3 Nfd7 15.Rad1
Nxb3 16.axb3 ( 16.Qxb3 Nc5 17.Qc2 Be6 18.b3 Rad8 19.Bd4 h5 20.Bxg7 Kxg7 21.f4
Bc8 22.Qf2 Kg8 23.Kh2 Qf8 24.Rd2 Qg7 25.e5 Bf5 26.Red1 Nd3 27.Rxd3 Bxd3
28.Rxd3 dxe5 29.Rxd8 Rxd8 30.f5 Qf6 31.Qb6 gxf5 32.Nd5 Qd6 33.c5 Qf8 34.Ne3 f4
35.gxf4 exf4 { ...1/2-1/2, Kagan Naum 2213 - West Guy 2352 , Melbourne 1992 Ch
Australia } ) 16...Nc5 17.Re2 { N } ( 17.Na4 Nxa4 18.bxa4 Qc7 19.Bd4 Be5
20.Kh2 Be6 21.b3 Ra6 22.f4 Bxd4 23.Rxd4 c5 24.Rd3 Rb6 25.Qd2 Ra8 26.f5 Bc8
27.f6 Qd8 28.e5 Be6 29.Rd1 Qf8 30.Rxd6 { 1-0, Baumgartner Heinz 2345 - Kranzl
Peter 2246 , Linz 1993 It } ) ( 17.Kh2 Be6 18.f4 Rad8 19.Bf2 Qc7 20.Rd2 Qb6
21.Qd1 Qb4 22.Bxc5 Qxc5 23.e5 d5 24.Ne4 Qb4 25.Nd6 dxc4 26.bxc4 Re7 27.Qc1 f6
28.exf6 Bxf6 29.c5 Bb3 30.Rxe7 Bxe7 31.Qe1 Bf6 32.Qe3 b6 33.cxb6 Bd5 34.Rxd5
cxd5 35.Qe6+ Kg7 36.Qf7+ Kh6 { ...1-0, Longa Yauca Javier 2354 - San Emeterio
Cabanes Jose Luis 2254 , Madrid 2002 It } ) ( 17.f4 h5 18.Bxc5 dxc5 19.e5 Bf5
20.Ne4 h4 21.g4 Bxe4 22.Bxe4 g5 23.Bh7+ Kh8 24.Bf5 gxf4 25.Rd7 Qg5 26.Rxf7 f3
27.Qc1 Qxc1 28.Rxc1 Rxe5 29.Kf2 Kg8 30.Rxb7 Rae8 31.Kxf3 Bh6 32.Rc3 Re3+
33.Rxe3 Rxe3+ 34.Kf2 Bf4 35.Bd7 Rxh3 36.Bxc6 Be3+ { ...1/2-1/2, Rantanen Yrjo
A 2349 - Cobo Arteaga Eldis 2345 , Varna 1962 Olympiad } ) 17...Be6 18.Bd4
Bxd4 19.Rxd4 Qc7 20.Na4 b5 21.Nxc5 dxc5 22.Rd1 a4 23.bxa4 Rxa4 24.cxb5 cxb5
25.Red2 Rb4 26.Qc3 Rb3 27.Qc1 { ?! } ( 27.Qf6 { !? } 27...Qe7 28.e5 Qxf6
29.exf6 { } ) 27...c4 28.Rc2 b4 29.Qg5 c3 30.bxc3 Rxc3 31.Rcd2 Rc1 32.Kh2 Rxd1
33.Rxd1 b3 34.f4 { ? } ( { ? } 34.Qf6 Rb8 35.Rb1 Qd8 36.Qa1 { } ) 34...b2
35.Rb1 Rb8 36.f5 Ba2 37.f6 Qd8 38.Rd1 Qf8 { } {#R} 0-1

[Event "It (cat.3)"]
[Site "masterchessopen.com Nancy (France)"]
[Date "2004.02.18"]
[Round "4"]
[White "Prakken Gerrit (NED)"]
[Black "Gouliev Namig (AZE)"]
[Result "0-1"]
[WhiteElo "2272"]
[BlackElo "2509"]

1.d4 Nf6 2.Nf3 g6 3.c4 Bg7 4.g3 O-O 5.Bg2 d6 6.O-O Nbd7 7.Nc3 e5 8.e4 c6 9.Rb1
Re8 10.h3 a5 11.Re1 Qc7 12.Be3 a4 13.Re2 exd4 14.Nxd4 Nc5 15.Qc2 Bd7 16.Rd1
Qc8 17.Kh2 Re5 18.g4 Qe8 19.Bf4 h5 20.f3 Qe7 21.b4 axb3 22.axb3 hxg4 23.hxg4
Nxg4+ 24.fxg4 Bxg4 25.Bg3 Rh5+ 26.Kg1 Bxe2 27.Ncxe2 Be5 28.Nf3 Ra3 29.b4 Ne6
30.c5 dxc5 31.Bxe5 Rxf3 32.Bd6 Qf6 33.bxc5 Ng5 34.Bg3 Re3 35.Rf1 Nf3+ 36.Rxf3
Rxf3 37.e5 Qf5 38.Qxf5 Rfxf5 39.Nc3 Rxe5 40.Ne4 Rxe4 {#R} 0-1

[Event "Ch Russia (juniors) (under 16)"]
[Site "masterchessopen.com Dagomys (Russia)"]
[Round "0"]
[White "Dzhambulatov Shikhali (RUS)"]
[Black "Sjugirov Sanan (RUS)"]
[Result "1-0"]
[WhiteElo "2169"]
[BlackElo "2279"]

1.Nf3 Nf6 2.c4 g6 3.Nc3 Bg7 4.g3 O-O 5.Bg2 d6 6.d4 Nbd7 7.O-O e5 8.e4 c6 9.b3
Re8 10.Bb2 exd4 11.Nxd4 Nc5 12.Qc2 Qb6 13.Rad1 Bg4 14.f3 Bd7 15.Kh1 Rad8 16.h3
Re7 17.Qf2 Nh5 18.Nde2 Bc8 19.g4 Nf6 20.Ng3 Qc7 21.f4 Rde8 22.Rfe1 Ne6 23.Qf3
Nd7 24.Qf2 Nf6 25.Qd2 Rd8 26.f5 Nf8 27.g5 Ne8 28.f6 Nxf6 29.gxf6 Bxf6 30.Nd5
cxd5 31.Bxf6 dxc4 32.e5 d5 33.bxc4 d4 34.Qh6 Ne6 35.Ne4 Ree8 {#r} 1-0

[Event "Ch Vietnam (juniors) (under 17)"]
[Site "masterchessopen.com Vietnam"]
[Round "4"]
[White "Tran Ngoc Thach (VIE)"]
[Black "Nguyen Minh Tuan (VIE)"]
[Result "0-1"]
[WhiteElo "2182"]
[BlackElo "2109"]

1.Nf3 Nf6 2.c4 g6 3.g3 Bg7 4.Bg2 d6 5.Nc3 O-O 6.O-O e5 7.d4 Nbd7 8.e4 c6 9.Be3
Ng4 10.Bg5 f6 11.Bd2 f5 12.d5 cxd5 13.cxd5 Nc5 14.Qc2 Bd7 15.h3 Nf6 16.Bg5 Qc8
17.Nd2 h6 18.Bxf6 Rxf6 19.f4 Nxe4 20.Ndxe4 fxe4 21.fxe5 dxe5 {#R} 0-1

[Event "Ch World (universities)"]
[Site "masterchessopen.com Istanbul (Turkey)"]
[Date "2004.09.10"]
[Round "8"]
[White "Khismatullin Denis (RUS)"]
[Black "Jobava Baadur (GEO)"]
[Result "1-0"]
[WhiteElo "2552"]
[BlackElo "2614"]

{ } 1.d4 { 1 } 1...Nf6 2.c4 g6 3.Nf3 Bg7 4.g3 d6 5.Bg2 Nbd7 6.O-O e5 7.Nc3 O-O
8.e4 c6 9.Re1 exd4 10.Nxd4 Ng4 ( 10...Qb6 11.Rb1 Ng4 12.Nce2 Qa6 13.b3 Qxa2
14.Bg5 Qa3 15.h3 Ngf6 16.b4 Ne5 17.Rb3 { 1/2-1/2, Grabarczyk Miroslaw 2484 -
Grabarczyk Bogdan 2375 , Polanica Zdroj 1999 Ch Poland } ) 11.h3 Qb6 (
11...Qf6 12.hxg4 Qxd4 13.Qxd4 Bxd4 14.Bh6 Re8 15.Rad1 Bh8 16.f4 Nb6 17.Bf1
Bxg4 18.Rxd6 Rad8 19.Rxd8 Rxd8 20.e5 Bg7 21.Bxg7 Kxg7 22.Ne4 Rd4 23.b3 Nc8
24.Nf6 Be6 25.Re3 Bf5 26.b4 h5 27.a3 b6 28.Be2 Rd2 29.Kf1 Ne7 30.Ke1 Rb2
31.Rc3 { ...1/2-1/2, Larsen Bent 2470 - Tal Mikhail 2650 , Eersel 1969 Match }
) ( 11...Nge5 12.b3 Nc5 13.Be3 Ned3 { } ) 12.Nce2 Nge5 13.b3 Nc5 14.Be3 a5
15.Rb1 { ?/= } ( 15.Rf1 Re8 16.Rb1 Qc7 17.Kh2 { } ) 15...Qc7 ( 15...Re8 16.Nc3
Qc7 17.Re2 Ned7 18.Qc2 Nf6 19.Rd1 Bd7 20.Red2 Qc8 21.g4 h5 22.g5 Nh7 23.h4 Bh3
24.f3 Bxg2 25.Kxg2 f5 26.gxf6 Bxf6 27.Nde2 Be5 28.Rxd6 Bxd6 29.Rxd6 Ne6 30.e5
Nef8 31.Nf4 Qf5 32.Qxf5 gxf5 33.e6 Re7 34.Nce2 Nxe6 35.Rxe6 { ...1/2-1/2,
Vasiliev Rustam N 2405 - Ibragimov Ildar 2540 , Ufa 1993 It } ) ( 15...Ned3
16.Rf1 { } ) 16.Qc2 Re8 17.Rbd1 Ned7 { N } ( 17...Qe7 18.Nc3 a4 19.f4 axb3
20.axb3 Ned7 21.b4 Na6 22.b5 Nab8 23.Nb3 Nf8 24.Ra1 Rxa1 25.Rxa1 Be6 26.Ra4 f5
27.e5 dxe5 28.Bc5 Qf7 29.bxc6 bxc6 30.Ra7 Nfd7 31.Na5 e4 32.Ne2 Qf6 33.Bd4
Qxd4+ 34.Nxd4 Bxd4+ 35.Kh2 Bxa7 36.Bf1 Bd4 37.Qa4 { ...0-1, Emmenecker
Philippe 2162 - Chernov Vadim 2421 , Val Thorens 1994 It (open) } ) ( 17...Ne6
18.Nc3 Bf8 19.Nde2 Ng7 20.g4 f5 21.exf5 gxf5 22.g5 Nh5 23.Nf4 Nxf4 24.Bxf4 Qg7
25.Kh1 Bd7 26.Re2 Ng6 27.Bxd6 Bxd6 28.Rxd6 Rxe2 29.Nxe2 Re8 30.Qd1 Bc8 31.Ng3
Qe7 32.Nh5 Qe1+ 33.Qxe1 Rxe1+ 34.Kh2 Kf7 35.Rd8 Ne7 36.Nf4 a4 37.Bf3 { ...1-0,
Sorokin Maxim 2555 - Schweber Samuel 2355 , Villa Ballester 1997 It (open) } )
18.Nc3 Ne6 ( 18...Re7 19.Qd2 { } ) 19.Nde2 ( 19.Qd2 Ndc5 20.Nde2 Bf8 21.f4 f5
22.exf5 gxf5 23.g4 Ng7 24.g5 Be6 25.Ng3 Qf7 26.Bf3 a4 27.Bxc5 dxc5 28.Nxa4 Qc7
29.Bg2 Rad8 30.Qf2 b5 31.Nb2 Bd6 32.Rf1 Bf7 33.Qf3 Rc8 34.h4 Re6 35.Nd3 bxc4
36.bxc4 Ra8 37.h5 Rxa2 38.h6 Ne8 { ...1/2-1/2, Hakulinen Esko-Matti 2329 -
Salo Heikki 2283 , Helsinki 1992 Ch Finland } ) 19...Nec5 { N } ( 19...Ndc5
20.Qd2 Rd8 21.f4 f5 22.exf5 gxf5 23.g4 Bf6 24.g5 Be7 25.Ng3 Rf8 26.h4 Rf7
27.Bf3 Nf8 28.h5 Bd7 29.Bf2 Re8 30.Re2 Nfe6 31.h6 Ne4 32.Ncxe4 fxe4 33.Bh5
Rxf4 34.Bxe8 Bxe8 35.Rxe4 Rxf2 36.Qxf2 Nxg5 37.Rg4 Bg6 38.Qe3 Qd8 39.Ne4 {
...1-0, Guliev Sarhan 2495 - Sichinava Roman 2400 , Moscow 1995 It
"Victory-50" (b) } ) ( 19...Bf8 20.f4 { } ) 20.Qd2 { N } ( 20.Nd4 Nf8 21.f4
Nfe6 22.Qf2 Nd7 23.Kh2 Nec5 24.Qc2 h5 25.Kh1 Nf6 26.Bf2 Bd7 27.Nde2 Na6 28.Qd2
Bf8 29.Bd4 Nh7 30.Na4 c5 31.Ba1 Bc6 32.Qb2 f6 33.Nec3 Qf7 34.Nb6 Rad8 35.Ncd5
Bg7 36.Qd2 a4 37.Nxa4 Bxa4 38.bxa4 Nb8 39.Rb1 Nc6 { ...1-0, Vaulin Alexander
2552 - Achang Andrei 2331 , St. Petersburg 2000 Memorial A.Petrov (open) } )
20...Bf8 { } 21.g4 Na6 { ?! } ( 21...b6 { !? } 22.f4 Bb7 23.g5 Be7 { } )
22.Bh6 Bxh6 23.Qxh6 Ndc5 24.Ng3 Qe7 25.f4 a4 { ?! } ( 25...Rd8 { !? } 26.Kh2
f6 27.f5 Qg7 { } ) 26.e5 Qf8 27.Qh4 dxe5 28.Nce4 Nxe4 29.Nxe4 Kg7 30.Nf6 Re6
31.Rd8 Qxd8 32.Nh5+ gxh5 33.Qxd8 hxg4 34.f5 Rf6 35.hxg4 axb3 36.axb3 Rb8
37.Qd2 h6 38.Rxe5 c5 39.Be4 { } {#r} 1-0

[Event "Czech League 2004/05 (2nd) (c)"]
[Site "masterchessopen.com Czech Republic"]
[Date "2004.11.21"]
[Round "3"]
[White "Mojzis Jaroslav (CZE)"]
[Black "Kopta Pavel (CZE)"]
[Result "1-0"]
[WhiteElo "2225"]
[BlackElo "2313"]

1.Nf3 g6 2.g3 Bg7 3.d4 d6 4.Bg2 Nd7 5.O-O Ngf6 6.c4 O-O 7.Nc3 e5 8.e4 c6 9.Re1
Qc7 10.h3 a6 11.b3 b5 12.cxb5 axb5 13.a4 b4 14.Na2 c5 15.dxe5 Nxe5 16.Nxe5
dxe5 17.Qc2 Rb8 18.Bd2 Be6 19.Nxb4 Qb7 20.Nd3 Bxb3 21.Qxc5 Rfd8 22.Qe3 Qb6
23.Qxb6 Rxb6 24.Ba5 Rbd6 25.Bxd8 Rxd8 26.Nc5 Bc4 27.Rec1 Rd4 28.Rc3 Bh6 29.Nb3
Nxe4 30.Bxe4 Rxe4 31.a5 Bd5 32.a6 {#r} 1-0

[Event "Cup Russia \"]
[Site "masterchessopen.com Internet"]
[Date "2004.12.24"]
[Round "0"]
[White "Bocharov Dmitry (RUS)"]
[Black "Chuprov Dmitry (RUS)"]
[Result "0-1"]
[WhiteElo "2574"]
[BlackElo "2457"]

1.d4 Nf6 2.Nf3 g6 3.c4 Bg7 4.g3 O-O 5.Bg2 d6 6.O-O Nbd7 7.Nc3 e5 8.e4 c6 9.Re1
Qa5 10.h3 exd4 11.Nxd4 Nb6 12.Bf1 Nfd7 13.Nb3 Qh5 14.Qxh5 gxh5 15.f4 a5 16.a4
Nc5 17.Nxc5 Bd4+ 18.Be3 dxc5 19.Kg2 Be6 20.Bxd4 cxd4 21.Ne2 d3 22.Nd4 Bxc4
23.Red1 Rfd8 24.Nf5 Rd7 25.Kf2 Rad8 26.Ke3 Bb3 {#R} 0-1